| 000 | 00962nam a2200241 i 4500 | ||
|---|---|---|---|
| 001 | 12419 | ||
| 003 | ES-MaACL | ||
| 005 | 20260115063022.0 | ||
| 007 | t| | ||
| 008 | 890928s1987 sp |||| | spa j | ||
| 020 | _a84-239-6258-X | ||
| 080 | _a806.0"19"(042) | ||
| 100 | 1 |
_aAreilza, José María de, _d1909-1998 _922575 |
|
| 245 | 1 | 4 |
_aUna reflexión sobre el porvenir de nuestra lengua _b: discurso leído el día 10 de diciembre de 1987 en el acto de su recepción pública por el Excelentísimo Señor Don José María de Areilza y contestación del Excelentísimo Señor Don Joaquín Calvo-Sotelo. |
| 260 |
_aMadrid : _b[Espasa-Calpe], _c1987. |
||
| 300 |
_a56 p ; _c23 cm. |
||
| 594 | _aPrecede al tít.: Real Academia Española. | ||
| 650 | 1 | 4 |
_aLengua española- _yS.XX. _914183 |
| 700 | 1 |
_aCalvo-Sotelo, Joaquín, _d1905-1993 _933913 |
|
| 710 | 2 |
_aReal Academia Española _96336 |
|
| 852 |
_aES-MaACL _jL-19735 |
||
| 999 |
_c12419 _d12419 |
||